[Event "Veneto-ch qf 78th"]
[Site "Padova"]
[Date "2019.02.16"]
[Round "2.2"]
[White "Fregonese, Giulio"]
[Black "Dvirnyy, Danyyil"]
[Result "1/2-1/2"]
[WhiteElo "2095"]
[BlackElo "2487"]
[PlyCount "117"]
[EventDate "2019.02.15"]
[EventType "swiss"]
[EventRounds "5"]
[EventCountry "ITA"]
[SourceTitle "EXT 2024"]
[Source "ChessBase"]
[SourceDate "2023.10.10"]
[SourceVersion "1"]
[SourceVersionDate "2023.10.10"]
[SourceQuality "1"]

1. e4 e5 2. f4 exf4 3. Nf3 Nf6 4. Nc3 d5 5. exd5 Nxd5 6. Nxd5 Qxd5 7. d4 Be6 8. Be2 g5 9. 0-0 h6 10. c4 Qd6 11. b3 Bg7 12. Bb2 c5 13. Ba3 Bxd4+ 14. Nxd4 Qxd4+ 15. Qxd4 cxd4 16. Bf3 Nc6 17. Rad1 0-0-0 18. Bb2 Rhe8 19. Bxc6 bxc6 20. Bxd4 Bg4 21. Rd2 Re2 22. Rf2 Re1+ 23. Rf1 Re4 24. Bc3 Rxd2 25. Bxd2 Kd7 26. Re1 Rxe1+ 27. Bxe1 Ke6 28. Bc3 Kf5 29. Kf2 Bd1 30. Ke1 Bc2 31. b4 Bd3 32. c5 h5 33. Kf2 a6 34. Bb2 Be4 35. Bc3 h4 36. h3 Bc2 37. Kf3 Kg6 38. Bb2 Bd1+ 39. Kf2 Kf5 40. Ke1 f3 41. Kxd1 fxg2 42. Bd4 Ke4 43. Bg1 f5 44. Ke2 g4 45. hxg4 fxg4 46. Kf2 Kd4 47. Kxg2+ Kc4 48. a3 Kb3 49. Bf2 Kxa3 50. Be1 Kb3 51. Kh2 h3 52. Kg3 Kc4 53. Kh2 a5 54. bxa5 Kxc5 55. a6 Kb6 56. Bf2+ Kxa6 57. Bg1 Kb5 58. Kg3 c5 59. Kxg4 1/2-1/2

[Event "Padova op-A 17th"]
[Site "Padova"]
[Date "2014.12.18"]
[Round "6.20"]
[White "Fregonese, Giulio"]
[Black "Damia, Angelo"]
[Result "1/2-1/2"]
[WhiteElo "2129"]
[BlackElo "2177"]
[PlyCount "109"]
[EventDate "2014.12.14"]
[EventType "swiss"]
[EventRounds "9"]
[EventCountry "ITA"]
[SourceTitle "EXT 2024"]
[Source "ChessBase"]
[SourceDate "2023.10.10"]
[SourceVersion "1"]
[SourceVersionDate "2023.10.10"]
[SourceQuality "1"]

1. e4 c6 2. d4 d5 3. e5 c5 4. Nf3 Bg4 5. dxc5 Nc6 6. Be3 d4 7. e6 fxe6 8. Bg5 Qd5 9. Nbd2 Nf6 10. Bc4 Qxc5 11. Qe2 e5 12. Bd3 Qa5 13. 0-0 e4 14. Bxe4 Qxg5 15. Qc4 Na5 16. Qa4+ Bd7 17. Qxd7+ Kxd7 18. Nxg5 Nxe4 19. Ndxe4 Rc8 20. Rac1 g6 21. f4 Nc4 22. Rf2 Bg7 23. Rd1 Nxb2 24. Rb1 d3 25. c3 Na4 26. Rd2 b6 27. Rxd3+ Ke8 28. Rc1 Nb2 29. Rd5 h6 30. Ne6 Rg8 31. Nxg7+ Rxg7 32. Re1 Nc4 33. Rd4 Kf8 34. g3 b5 35. Rb1 a6 36. a4 bxa4 37. Rb4 Ne3 38. Rxa4 Rc6 39. Rd8+ Kf7 40. Ra8 Nd5 41. R8xa6 Nxc3 42. Rxc6 Nxa4 43. Kf2 Rg8 44. h4 Nb2 45. Ke2 Rh8 46. Rc2 Rb8 47. Rc6 Rb4 48. Nd2 Rd4 49. Nf3 Rd6 50. Ne5+ Kg7 51. Rc7 Re6 52. Kf3 g5 53. hxg5 hxg5 54. Rc5 gxf4 55. gxf4 1/2-1/2

[Event "Chioggia op-A 09th"]
[Site "Chioggia"]
[Date "2014.10.12"]
[Round "4"]
[White "Fregonese, Giulio"]
[Black "Ballarin, Gabriele"]
[Result "1-0"]
[WhiteElo "2134"]
[BlackElo "1910"]
[PlyCount "137"]
[EventDate "2014.10.10"]
[EventType "swiss"]
[EventRounds "5"]
[EventCountry "ITA"]
[SourceTitle "EXT 2022"]
[Source "ChessBase"]
[SourceDate "2021.10.06"]
[SourceVersion "1"]
[SourceVersionDate "2021.10.06"]
[SourceQuality "1"]

1. d4 d6 2. Bf4 Nf6 3. e3 g6 4. Nf3 Nh5 5. Bg5 h6 6. Bh4 g5 7. Nfd2 Nf6 8. Bg3 Bf5 9. c4 Bg7 10. Nc3 Nbd7 11. Qf3 Bg6 12. Qxb7 c5 13. Nb3 cxd4 14. exd4 Nh5 15. Be2 Nxg3 16. hxg3 0-0 17. 0-0 Qc8 18. Qf3 Nf6 19. Rac1 Rb8 20. Bd3 Bh5 21. Qe3 Re8 22. Rfe1 Ng4 23. Qd2 e5 24. Nd5 f5 25. c5 dxc5 26. Rxc5 Qd8 27. Bxf5 exd4 28. Nc7 Rxe1+ 29. Qxe1 Qd6 30. Qe6+ Qxe6 31. Nxe6 Bf6 32. Rd5 d3 33. Rxd3 Bxb2 34. f3 Ne5 35. Rd5 Bf7 36. Ra5 Nc4 37. Ra6 Rb6 38. Rxb6 axb6 39. Ned4 Na5 40. Be6 Bxe6 41. Nxe6 Ba3 42. Kf2 Nc4 43. Ke2 Bd6 44. g4 Kf7 45. Ned4 Kg6 46. Kd3 Nb2+ 47. Ke4 h5 48. gxh5+ Kxh5 49. Nd2 Bc5 50. N2b3 Nd1 51. Kd3 Bf8 52. Nd2 Kg6 53. Ne4 Nb2+ 54. Kd2 Bg7 55. Ne6 Bh6 56. g4 Nc4+ 57. Kd3 Ne5+ 58. Ke3 Nc6 59. a4 Ne5 60. Nd2 Bg7 61. Nxg7 Kxg7 62. Ke4 Kf6 63. Kd5 Nd7 64. Kc6 Ke6 65. Ne4 Ne5+ 66. Kxb6 Nxf3 67. a5 Kd5 68. Nxg5 Nxg5 69. a6 1-0

[Event "Padova op-A 16th"]
[Site "Padova"]
[Date "2013.12.20"]
[Round "7.17"]
[White "Fregonese, Giulio"]
[Black "Rossi, Carlo"]
[Result "1/2-1/2"]
[WhiteElo "2200"]
[BlackElo "2285"]
[PlyCount "208"]
[EventDate "2013.12.15"]
[EventType "swiss"]
[EventRounds "9"]
[EventCountry "ITA"]
[SourceTitle "EXT 2024"]
[Source "ChessBase"]
[SourceDate "2023.10.10"]
[SourceVersion "1"]
[SourceVersionDate "2023.10.10"]
[SourceQuality "1"]

1. e4 Nf6 2. e5 Ng8 3. d4 d5 4. Bd3 c5 5. c3 Nc6 6. Nf3 Bg4 7. dxc5 e6 8. b4 a5 9. Bb5 Qc7 10. Nbd2 Nge7 11. 0-0 Ng6 12. Qe2 Be7 13. h3 Bh5 14. Qe3 Bxf3 15. Nxf3 0-0 16. Bxc6 bxc6 17. a3 Rfb8 18. Bd2 Kh8 19. Rab1 h6 20. Rfe1 Qa7 21. Nd4 Qc7 22. f4 axb4 23. axb4 Ra2 24. Qd3 Rba8 25. Re2 R8a3 26. Rbe1 Nh4 27. g3 Nf5 28. Nxf5 exf5 29. Qxf5 d4 30. Qd3 dxc3 31. Bxc3 Rxe2 32. Rxe2 Qa7 33. Re3 Ra2 34. Re2 Ra3 35. Rd2 Bxc5+ 36. Kg2 Be3 37. Re2 Ra2 38. Kf3 Bb6 39. e6 Rxe2 40. Qxe2 Qe7 41. exf7 Qxf7 42. Qe5 Bc7 43. Qe4 Qd7 44. Qd4 Qf7 45. Qc5 Qg6 46. Qe3 Qh5+ 47. Kg2 Qd5+ 48. Kh2 Qa2+ 49. Qd2 Qf7 50. Kg2 Bb6 51. h4 Qf5 52. Kh2 Kh7 53. Be5 Qe4 54. Bc3 h5 55. Qd1 Qe3 56. Qxh5+ Kg8 57. Qe5 Qg1+ 58. Kh3 Qf1+ 59. Kg4 Qd1+ 60. Kf5 Qd3+ 61. Ke6 Qxg3 62. h5 Bc7 63. Qxc7 Qxc3 64. Qf7+ Kh7 65. Qf5+ Kg8 66. Qc5 Qd2 67. Qd6 Qe3+ 68. Kd7 Qb6 69. Qc5 Qb7+ 70. Kd6 Kh8 71. Qa5 Kg8 72. Kc5 Qd7 73. Qa8+ Kh7 74. Qxc6 Qf5+ 75. Qd5 Qxf4 76. b5 Qc7+ 77. Kb4 Qb6 78. Qc5 Qd8 79. b6 Qd3 80. Ka5 Qb3 81. Ka6 Qa2+ 82. Qa5 Qe6 83. Kb7 Qe3 84. Qf5+ Kg8 85. Qd5+ Kh7 86. Qc6 Qd2 87. Kb8 Qd8+ 88. Kb7 Qe7+ 89. Kc8 Qf8+ 90. Kc7 Qe7+ 91. Kb8 Qd8+ 92. Ka7 Qd2 93. Qb5 Qe3 94. Kb8 Qf4+ 95. Kc8 Qf8+ 96. Kd7 Qf7+ 97. Kd6 Qf8+ 98. Kc7 Qf4+ 99. Kb7 Qe4+ 100. Qc6 Qe7+ 101. Ka8 Qd8+ 102. Kb7 Qe7+ 103. Qc7 Qe4+ 104. Kb8 Qe8+ 1/2-1/2

[Event "Cipressina op-A 2nd"]
[Site "Venice"]
[Date "2013.12.01"]
[Round "4"]
[White "Solomon, Kenny"]
[Black "Fregonese, Giulio"]
[Result "1/2-1/2"]
[WhiteElo "2361"]
[BlackElo "2204"]
[PlyCount "139"]
[EventDate "2013.11.29"]
[EventType "swiss"]
[EventRounds "5"]
[EventCountry "ITA"]
[SourceTitle "EXT 2015"]
[Source "ChessBase"]
[SourceDate "2014.11.20"]
[SourceVersion "1"]
[SourceVersionDate "2014.11.20"]
[SourceQuality "1"]

1. Nf3 Nf6 2. c4 c5 3. Nc3 b6 4. e3 Bb7 5. d4 cxd4 6. exd4 g6 7. Bd3 Bg7 8. 0-0 0-0 9. Re1 d5 10. Bg5 dxc4 11. Bxc4 Nc6 12. Rc1 Rc8 13. Bf1 Qd7 14. Ne5 Qd8 15. Nxc6 Bxc6 16. Ba6 Ra8 17. d5 Nxd5 18. Nxd5 Qxd5 19. Qxd5 Bxd5 20. Bxe7 Rfb8 21. b3 Bb7 22. Bb5 Rc8 23. Bd7 Rxc1 24. Rxc1 Be5 25. Re1 Bg7 26. Rc1 Be5 27. g3 Bf3 28. h3 h5 29. g4 hxg4 30. hxg4 Kg7 31. Bc8 f6 32. g5 fxg5 33. Bxg5 Kf7 34. Kf1 Rb8 35. Ke1 Bb7 36. Bd7 Rh8 37. Bc6 Ba8 38. Bxa8 Rxa8 39. Rc6 Re8 40. Kd2 Re6 41. Rc8 Re8 42. Rc4 Ke6 43. Rc6+ Kf5 44. Be3 Rd8+ 45. Ke2 Rd7 46. Rc8 Rf7 47. Kd3 g5 48. f3 Bf6 49. Kc4 Rd7 50. a4 Re7 51. Kd3 Rd7+ 52. Kc4 Re7 53. Bd2 Rd7 54. Be3 Re7 55. Bd4 Bxd4 56. Kxd4 Rf7 57. Ke3 Re7+ 58. Kd4 Rf7 59. Ke3 Re7+ 60. Kf2 Rf7 61. Kg3 Rd7 62. Rf8+ Kg6 63. Rg8+ Kf5 64. Rf8+ Kg6 65. Rc8 Kf5 66. b4 Rd6 67. a5 bxa5 68. bxa5 Rd7 69. a6 Rf7 70. Kf2 1/2-1/2

[Event "Cipressina op-A 2nd"]
[Site "Venice"]
[Date "2013.11.30"]
[Round "3"]
[White "Fregonese, Giulio"]
[Black "Zamengo, Fulvio"]
[Result "1-0"]
[WhiteElo "2204"]
[BlackElo "2116"]
[PlyCount "96"]
[EventDate "2013.11.29"]
[EventType "swiss"]
[EventRounds "5"]
[EventCountry "ITA"]
[SourceTitle "EXT 2015"]
[Source "ChessBase"]
[SourceDate "2014.11.20"]
[SourceVersion "1"]
[SourceVersionDate "2014.11.20"]
[SourceQuality "1"]

1. e4 e6 2. d4 d5 3. e5 c5 4. c3 Nc6 5. Nf3 Qb6 6. a3 Bd7 7. b4 cxd4 8. cxd4 Nh6 9. Bb2 Rc8 10. Nc3 Nxb4 11. axb4 Bxb4 12. Qd2 0-0 13. Bd3 Rc6 14. 0-0 a6 15. Rfb1 Qc7 16. Nxd5 Bxd2 17. Nxc7 Bb4 18. Nxa6 bxa6 19. Bxa6 Rd8 20. Bd3 Bc3 21. Be4 Bxb2 22. Rxb2 Rc4 23. Rb7 Bc6 24. Rc7 Bd5 25. Rxc4 Bxc4 26. Ra8 Rxa8 27. Bxa8 Nf5 28. Be4 Ne7 29. Nd2 Bd5 30. Bxd5 Nxd5 31. Kf1 Kf8 32. Ke2 Ke7 33. g3 h6 34. Kd3 Kd7 35. Nc4 Ke7 36. Ne3 Nb4+ 37. Ke4 Nc6 38. g4 Na7 39. f4 Nb5 40. h4 Kf8 41. f5 Ke7 42. h5 Nc3+ 43. Kd3 Na4 44. Nc4 f6 45. exf6+ Kxf6 46. fxe6 Kxe6 47. Ne3 Nb6 48. Ke4 Kf6 1-0

[Event "Verona op 10th"]
[Site "Verona"]
[Date "2004.01.??"]
[Round "5"]
[White "Martorelli, Antonio"]
[Black "Fregonese, Giulio"]
[Result "0-1"]
[WhiteElo "2270"]
[BlackElo "2175"]
[PlyCount "68"]
[EventDate "2004.01.02"]
[EventType "swiss"]
[EventRounds "7"]
[EventCountry "ITA"]
[SourceTitle "EXT 2005"]
[Source "ChessBase"]
[SourceDate "2004.11.15"]
[SourceVersion "1"]
[SourceVersionDate "2004.11.15"]
[SourceQuality "1"]

1. e4 e5 2. Nf3 Nc6 3. Bb5 f5 4. d3 fxe4 5. dxe4 Nf6 6. 0-0 Bc5 7. Nc3 d6 8. Be3 Bb6 9. Nd5 0-0 10. Ng5 Kh8 11. Bc4 Bg4 12. Qd2 Qd7 13. Bxb6 axb6 14. f4 exf4 15. Rxf4 Ne5 16. Bb3 Nxd5 17. exd5 Ng6 18. Rxf8+ Rxf8 19. h3 Bf5 20. Rf1 Qe7 21. Ne6 Bxe6 22. Rxf8+ Nxf8 23. dxe6 c6 24. Qf2 b5 25. c3 d5 26. Bc2 Nxe6 27. Bf5 Ng5 28. Bc8 Ne4 29. Qf4 Nd6 30. Be6 h6 31. Qe5 Qf8 32. h4 Nc4 33. Qc7 Ne3 34. h5 Qf1+ 0-1

[Event "Cortina d'Ampezzo op 1st"]
[Site "Cortina d'Ampezzo"]
[Date "2003.07.10"]
[Round "5"]
[White "Fregonese, Giulio"]
[Black "Fabris, Alberto"]
[Result "0-1"]
[WhiteElo "2136"]
[BlackElo "2230"]
[PlyCount "124"]
[EventDate "2003.07.07"]
[EventType "swiss"]
[EventRounds "9"]
[EventCountry "ITA"]
[SourceTitle "CBM 095 Extra"]
[Source "ChessBase"]
[SourceDate "2003.09.04"]
[SourceVersion "1"]
[SourceVersionDate "2003.09.04"]
[SourceQuality "1"]

1. e4 d6 2. d4 Nf6 3. Nc3 g6 4. Be3 c6 5. a4 a5 6. Qd2 Ng4 7. Bg5 h6 8. Bh4 Bg7 9. f3 Nf6 10. Bf2 0-0 11. Bc4 d5 12. Bb3 dxe4 13. Nxe4 e5 14. Nxf6+ Qxf6 15. Ne2 exd4 16. Bxd4 Qd6 17. Rd1 Bxd4 18. Qxd4 Qxd4 19. Rxd4 Nd7 20. Nf4 Nc5 21. Ba2 Bf5 22. Rc4 Ne6 23. g4 Nxf4 24. gxf5 g5 25. Rg1 Rfe8+ 26. Kf1 Rad8 27. Rxf4 Rd1+ 28. Kf2 Rxg1 29. Rd4 Ra1 30. Bc4 Kg7 31. Rd6 Rxa4 32. f6+ Kg6 33. Bd3+ Kh5 34. Rd7 Rf8 35. Rxb7 Rf4 36. Ra7 Rxf6 37. Rxa5 Rb8 38. b3 Rb4 39. Kg3 Rd4 40. Rc5 Rd5 41. Rc4 c5 42. Ra4 Re5 43. h3 Rfe6 44. h4 f5 45. hxg5 hxg5 46. Ra8 Rf6 47. Rc8 Kg6 48. f4 Re3+ 49. Kf2 gxf4 50. Rxc5 Kg5 51. b4 Rh3 52. b5 Kg4 53. b6 Rf3+ 54. Kg2 Rg3+ 55. Kf2 Rxb6 56. Bxf5+ Kh4 57. Rc7 Rh6 58. Bd3 Re3 59. Rg7 Rhe6 60. Bf5 R6e5 61. Rg4+ Kh5 62. Rxf4 Kg5 0-1

[Event "Veneto-ch qf 63rd"]
[Site "Arqua Petrarca"]
[Date "2003.05.11"]
[Round "5.1"]
[White "Fregonese, Giulio"]
[Black "Lain, Luigi"]
[Result "0-1"]
[WhiteElo "2136"]
[BlackElo "2256"]
[PlyCount "74"]
[EventDate "2003.05.03"]
[EventType "swiss"]
[EventRounds "6"]
[EventCountry "ITA"]
[SourceTitle "EXT 2024"]
[Source "ChessBase"]
[SourceDate "2023.10.10"]
[SourceVersion "1"]
[SourceVersionDate "2023.10.10"]
[SourceQuality "1"]

1. e4 e5 2. f4 exf4 3. Nf3 Nf6 4. e5 Nd5 5. Bc4 Nb6 6. Bb3 d6 7. Qe2 Be7 8. 0-0 0-0 9. d4 dxe5 10. dxe5 Be6 11. Bxf4 Bxb3 12. axb3 Nc6 13. Nc3 Nd5 14. Bd2 Nxc3 15. Bxc3 Qd7 16. Rae1 Qe6 17. Qb5 Rab8 18. Re4 h6 19. Kh1 a6 20. Qe2 Rbd8 21. Ne1 Rfe8 22. Nd3 Qd5 23. Qg4 Qe6 24. Qg3 Bf8 25. Ref4 Qg6 26. Rg4 Qh7 27. h4 h5 28. Rg5 Re6 29. Qf3 Rd7 30. Nf4 Re8 31. Nxh5 Kh8 32. g3 Nd4 33. Qg4 Nxc2 34. Rxg7 Bxg7 35. Qxg7+ Qxg7 36. Nxg7 Rc8 37. Nh5 Nd4 0-1

[Event "Cornuda op"]
[Site "Cornuda"]
[Date "2000.01.??"]
[Round "3"]
[White "Fregonese, Giulio"]
[Black "Genocchio, Daniele"]
[Result "0-1"]
[WhiteElo "2117"]
[BlackElo "2245"]
[PlyCount "82"]
[EventDate "2000.01.28"]
[EventType "swiss"]
[EventRounds "5"]
[EventCountry "ITA"]
[SourceTitle "EXT 2014"]
[Source "ChessBase"]
[SourceDate "2013.11.20"]
[SourceVersion "1"]
[SourceVersionDate "2013.11.20"]
[SourceQuality "1"]

1. e4 c5 2. c3 d6 3. Bc4 Nf6 4. Qe2 Nc6 5. f4 e6 6. d3 Be7 7. Nf3 d5 8. Bb3 c4 9. dxc4 Nxe4 10. Be3 0-0 11. 0-0 Nc5 12. Bc2 dxc4 13. Qxc4 b5 14. Qe2 b4 15. Rd1 Qa5 16. Nd4 Nxd4 17. Bxd4 b3 18. Be4 Nxe4 19. Qxe4 Ba6 20. a3 Rfd8 21. Nd2 Rab8 22. Qe3 Rd7 23. Qg3 f6 24. Re1 Rxd4 25. cxd4 Qxd2 26. Rad1 Qc2 27. f5 Rd8 28. fxe6 Qxb2 29. Qc7 Qxa3 30. d5 Qc5+ 31. Qxc5 Bxc5+ 32. Kh1 Kf8 33. Ra1 Bd3 34. Ra5 Be7 35. Rxa7 b2 36. Rb7 b1Q 37. Rexb1 Bxb1 38. Rxb1 Rxd5 39. Kg1 f5 40. Rb8+ Rd8 41. Rb7 g6 0-1